El avaro (comedia en cinco actos) / El médico a la fuerza (comedia en tres actos)
Guardat en:
| Autor principal: | |
|---|---|
| Format: | Llibre |
| Idioma: | Spanish |
| Publicat: |
Barcelona, España
Ramón Sopena
1975
|
| Matèries: | |
| Etiquetes: |
Afegir etiqueta
Sense etiquetes, Sigues el primer a etiquetar aquest registre!
|
MARC
| LEADER | 00000nam a2200000Ia 4500 | ||
|---|---|---|---|
| 008 | 170316s9999 xx 000 0 spa d | ||
| 040 | |a cru BVZT | ||
| 090 | |a 840 M-22a | ||
| 100 | |a Molière | ||
| 245 | |a El avaro (comedia en cinco actos) / El médico a la fuerza (comedia en tres actos) | ||
| 260 | |a Barcelona, España | ||
| 260 | |b Ramón Sopena | ||
| 260 | |c 1975 | ||
| 300 | |a 174 páginas | ||
| 650 | |a LITERATURA FRANCESA | ||
| 650 | |a TEATRO | ||
| 999 | |c 7818 |d 7818 | ||
| 942 | |c 15 D |h 840 M-22a |2 z | ||
